La joven y Cristo / (Record no. 146569)

MARC details
000 -LEADER
campo de control de longitud fija 00995nam a2200265 i 4500
001 - NÚMERO DE CONTROL
campo de control 146569
003 - IDENTIFICADOR DE NÚMERO DE CONTROL
campo de control ES-MaACL
005 - FECHA Y HORA DE LA ÚLTIMA TRANSACCIÓN
campo de control 20250828090946.0
007 - CAMPO FIJO DE DESCRIPCIÓN FÍSICA--INFORMACIÓN GENERAL
campo de control de longitud fija t|
008 - DATOS DE LONGITUD FIJA--INFORMACIÓN GENERAL
campo de control de longitud fija 070910s1956 sp ||||1| spa d
080 ## - NÚMERO DE LA CLASIFICACIÓN DECIMAL UNIVERSAL
Número de la Clasificación Decimal Universal 242:232.9
100 1# - ENTRADA PRINCIPAL--NOMBRE DE PERSONA
Nombre de persona Tóth, Tihamér.
9 (RLIN) 111109
245 13 - MENCIÓN DEL TÍTULO
Título La joven y Cristo /
Mención de responsabilidad, etc. Monseñor Tihamér Tóth, obispo de Veszprém (Hungría) ; [traductor, Antonio Sancho].
250 ## - MENCION DE EDICION
Mención de edición 6ª ed. española.
260 ## - PUBLICACIÓN, DISTRIBUCIÓN, ETC.
Lugar de publicación, distribución, etc. Madrid :
Nombre del editor, distribuidor, etc. Sociedad de Educación Atenas,
Fecha de publicación, distribución, etc. [1956]
300 ## - DESCRIPCIÓN FÍSICA
Extensión 231 p. ;
Dimensiones 20 cm.
490 1# - MENCIÓN DE SERIE
Mención de serie Colección para muchachas ;
Designación de volumen o secuencia 3
505 8# - NOTA DE CONTENIDO CON FORMATO
Nota de contenido con formato Contiene: Jesucristo en la vida oculta ; Jesucristo en la vida pública ; Jesucristo en su pasión y vida gloriosa
600 14 - PUNTO DE ACCESO ADICIONAL DE MATERIA--NOMBRE DE PERSONA
Nombre de persona Jesucristo-
Subdivisión de forma Meditaciones.
9 (RLIN) 66371
700 1# - ENTRADA AGREGADA--NOMBRE PERSONAL
Nombre de persona Sancho Nebot, Antonio,
Fechas asociadas al nombre 1884-1961
9 (RLIN) 103048
710 2# - ENTRADA AGREGADA--NOMBRE DE ENTIDAD CORPORATIVA
Nombre de entidad corporativa o nombre de jurisdicción como elemento de entrada Sociedad de Educación Atenas
9 (RLIN) 6665
830 1# - PUNTO DE ACCESO ADICIONAL DE SERIE-TÍTULO UNIFORME
Título uniforme Colección para muchachas ;
Designación de volumen o secuencia 3
9 (RLIN) 220856
852 ## - LOCALIZACIÓN
Ubicación ES-MaACL
Número de control de estantería C-11019
Holdings
Estatus retirado Estado de pérdida Estado de daño No para préstamo Biblioteca de origen Biblioteca actual Ubicación en estantería Fecha de adquisición Fuente de adquisición Total de préstamos Signatura topográfica completa Código de barras Visto por última vez Precio de reemplazo Tipo de ítem Koha
        Biblioteca del Ateneo de Madrid Biblioteca del Ateneo de Madrid Sala Palomar 17/01/2008     C-11019 1152976 23/02/2023 23/02/2023 Libro impreso